000 00279nam a2200109Ia 4500
008 200302s9999 xx 000 0 und d
100 _aLucy Blakstad
245 _aBridge : The Architectue Of Connection
260 _bBirkhauser Publications, Basel
260 _c2002
300 _a192
999 _c4587
_d4587